ამბავნი ქართლისანი / (ბიბ.ჩანაწერი № 60123)
[ მარტივი ფორმატი ]
| 000 -ლიდერი | |
|---|---|
| ფიქსირებული სიგრძის საკონტროლო ველი | 01603nam a22002297a 4500 |
| 003 - საკონტროლო ნომრის იდენტიფიკატორი | |
| საკონტროლო ველი | Ge_BSU |
| 005 - ბოლო ოპერაციის თარიღი და დრო | |
| საკონტროლო ველი | 20230609171749.0 |
| 008 - ფიქსირებული სიგრძის მონაცემთა ელემენტები - ზოგადი ინფორმაცია | |
| ფიქსირებული სიგრძის საკონტროლო ველი | 230609s1981 ge ||||| |||| 00| 0 geo d |
| 041 ## - ენის კოდი | |
| Language code of text/sound track or separate title | geo |
| 080 ## - უნივერსალური ათობითი კლასიფიკაციის ინდექსი | |
| Universal Decimal Classification number | 94(479.22) ო-52 |
| 100 ## - მთავარი ჩანაწერი - პიროვნების სახელი | |
| Personal name | ორბელიანი, პაპუნა |
| 9 (RLIN) | 18611 |
| 245 ## - ცნობა სათაურის შესახებ | |
| Title | ამბავნი ქართლისანი / |
| Statement of responsibility, etc | პაპუნა ორბელიანი; ტექსტი დაადგინა, შესავალი, ლექსიკონი და საძიებლები დაურთო ე. ცაგარეიშვილმა. |
| 264 ## - წარმოების, გამოცემის, დისტრიბუციის და სხვა ცნობები | |
| გამოცემის, წარმოების, დისტრიბუციის... ადგილი | თბილისი : |
| გამოცემის, წარმოების, დისტრიბუციის... სახელწოდება | მეცნიერება, |
| გამოცემის, წარმოების, დისტრიბუციის... თარიღი | 1981. |
| 300 ## - ფიზიკური აღწერა | |
| Extent | 282 გვ. ; |
| Other physical details | 21 სმ. |
| 490 ## - სერიის ცნობა | |
| Series statement | საქართველოს ისტორიის წყაროები; 25 ქართული საისტორიო მწერლობის ძეგლები / საქ. სსრ მეცნ. აკად., საქ. ისტორიის წყაროების კომისია; 3 |
| 501 ## - შენიშვნა თანმხლებ მასალაზე | |
| With note | ლექსიკონი: გვ. 255-267; სახელთა საძიებლები: გვ. 268-282. |
| 520 ## - SUMMARY, ETC. | |
| Summary, etc | რეზ. რუს. და ინგლ. |
| 653 ## - INDEX TERM--UNCONTROLLED | |
| Uncontrolled term | საქართველოს ახალი ისტორია |
| 653 ## - INDEX TERM--UNCONTROLLED | |
| Uncontrolled term | ქართული საისტორიო მწერლობის ძეგლები |
| 700 ## - ADDED ENTRY--PERSONAL NAME | |
| Personal name | ცაგარეიშვილი, ე. |
| Relator term | ტექსტის ავტორი |
| 9 (RLIN) | 18612 |
| 942 ## - ADDED ENTRY ELEMENTS (KOHA) | |
| Source of classification or shelving scheme | |
| Koha item type | წიგნი |
| ჩამოწერის სტატუსი | დაკარგული ეგზემპლარის სტატუსი | კლასიფიკაციის წყარო ან თაროზე გაწყობის სქემა | დაზიანების სტატუსი | არ გაიცემა | მუდმივი მდებარეობა (დაცვის ადგილი) | ამჟამინდელი ადგილსამყოფელი | თაროზე განთავსების ადგილი | შეძენის თარიღი | ღირებულება, შესყიდვის ნორმალური ფასი | სრული შენახვის შიფრი | შტრიხკოდი | ბოლო ოპერაციის თარიღი | ეგზემპლარის მიმდევრობითი ნომერი (კეტერი?) | Uniform Resource Identifier | ფასის ძალაში შესვლის თარიღი | ეგზემპლარის სახეობა | საჯარო შენიშვნა |
|---|---|---|---|---|---|---|---|---|---|---|---|---|---|---|---|---|---|
| ბათუმის შოთა რუსთაველის სახელმწიფო უნივერსიტეტის მთავარი ბიბლიოთეკა | ბათუმის შოთა რუსთაველის სახელმწიფო უნივერსიტეტის მთავარი ბიბლიოთეკა | წიგნსაცავი | 2023-06-09 | 6.00 | 94(479.22) ო-52 | 64622 | 2023-06-09 | 64622 | ბსუ-ს საპატიო დოქტორის გურამ ლორთქიფანიძის საჩუქარი | 2023-06-09 | წიგნი | 6 ლ. |
